000 00457nam a2200181Ia 4500
001 21502
005 20260306172924.0
008 260306t2024||||xx |||||||||||||| ||spa||
041 _aESP
082 _a345.111
_bO41
100 _aOlaya Medina, Joe Oriol,
_eAUT
245 0 _aEl Ministerio Público en el proceso penal acusatorio
260 _c2024
300 _a383 páginas :
_c25 cm.
650 _aGEN
654 _aCDE
942 _cLIB
_dJUS
_fJUS
_2ddc
_n
999 _c21502
_d21502